Bhandari and Makheeja guide to memorandum articles and incorporation of companies / (Record no. 104711)

MARC details
000 -LEADER
fixed length control field 00791nam a22002297a 4500
005 - DATE AND TIME OF LATEST TRANSACTION
control field 20181201124936.0
010 ## - LCCN (DPL NO)
LC control number ENG-116616
020 ## - INTERNATIONAL STANDARD BOOK NUMBER
International Standard Book Number 9789351436454
Terms of availability 1995.00
035 ## - SYSTEM CONTROL NUMBER
System control number EN-100148
037 ## - SOURCE OF ACQUISITION
Source of stock number/acquisition DBAD/PUB
082 ## - DEWEY DECIMAL CLASSIFICATION NUMBER
Classification number 346.540664
100 ## - MAIN ENTRY--PERSONAL NAME
Personal name Bhandari
245 ## - TITLE STATEMENT
Title Bhandari and Makheeja guide to memorandum articles and incorporation of companies /
Statement of responsibility, etc by M.C.Bhandari [and] R.D.Makheeja
250 ## - EDITION STATEMENT
Edition statement 6th ed. by Ramakrishnan Viraraghavan
Remainder of edition statement
260 ## - PUBLICATION, DISTRIBUTION, ETC. (IMPRINT)
Place of publication, distribution, etc Gurgaon
Name of publisher, distributor, etc LexisNexis
Date of publication, distribution, etc 2016
270 ## - ADDRESS
Address 14th Floor, Building No.10, Tower-B, DLF Cyber City, Phase-II
City Gurgaon
Postal code 122002
300 ## - PHYSICAL DESCRIPTION
Extent xxxii,1735p.,
Dimensions 24cm(pbk)
500 ## - GENERAL NOTE
General note Includes index
700 ## - ADDED ENTRY--PERSONAL NAME
Personal name R.D.Makheeja
700 ## - ADDED ENTRY--PERSONAL NAME
Personal name Viraraghavan,Ramakrishnan
942 ## - ADDED ENTRY ELEMENTS (KOHA)
Source of classification or shelving scheme Dewey Decimal Classification
Item type English Books
Call number suffix BHA
Classification part 346.540664
Holdings
Withdrawn status Lost status Not for loan Collection code Home library Current library Date acquired Source of acquisition Cost, normal purchase price Full call number Barcode Copy number Cost, replacement price Koha item type
    Not For Loan Non-fiction D.B.Act.Division Bawana 22/11/2016 DBAD/PUB 1995.00 346.540664 BHA EN-100148 1 1995.00 English Books

© Delhi Public Library
Hit Counter
free hit counter